NBA Rosters 2025-2026 - Statistics

General Stats
  • This quiz has been taken 8,049 times
    453 since last reset
  • The average score is 242 of 480
Answer Stats
Team Position Answer % Correct
ATLANTA HAWKS SF Jalen Johnson
94%
DENVER NUGGETS SG Bruce Brown
93%
BOSTON CELTICS SF Jaylen Brown
93%
INDIANA PACERS PF Kobe Brown
93%
NEW YORK KNICKS COACH Mike Brown
93%
BOSTON CELTICS PF Jayson Tatum
92%
CHARLOTTE HORNETS SG Coby White
91%
BOSTON CELTICS SG Derrick White
91%
WASHINGTON WIZARDS SG Tre Johnson
91%
DALLAS MAVERICKS SG AJ Johnson
90%
DENVER NUGGETS SF Cameron Johnson
90%
SAN ANTONIO SPURS SF Keldon Johnson
90%
MIAMI HEAT SF Keshad Johnson
90%
SAN ANTONIO SPURS COACH Mitch Johnson
90%
OKLAHOMA CITY THUNDER PG Shai Gilgeous-Alexander
89%
DALLAS MAVERICKS PG Brandon Williams
87%
CHARLOTTE HORNETS PG LaMelo Ball
87%
LOS ANGELES LAKERS SF LeBron James
87%
BOSTON CELTICS PF Amari Williams
86%
UTAH JAZZ SG Cody Williams
86%
CHARLOTTE HORNETS PF Grant Williams
86%
OKLAHOMA CITY THUNDER SG Jalen Williams
86%
OKLAHOMA CITY THUNDER PF Jaylin Williams
86%
PHOENIX SUNS C Mark Williams
86%
CHICAGO BULLS PF Patrick Williams
86%
PORTLAND TRAIL BLAZERS C Robert Williams
86%
GOLDEN STATE WARRIORS PG Stephen Curry
86%
BROOKLYN NETS SF Ziaire Williams
86%
MILWAUKEE BUCKS SG A.J. Green
85%
GOLDEN STATE WARRIORS PF Draymond Green
85%
PHOENIX SUNS SG Jalen Green
85%
DETROIT PISTONS SG Javonte Green
85%
HOUSTON ROCKETS PF Jeff Green
85%
CHARLOTTE HORNETS SG Josh Green
85%
OKLAHOMA CITY THUNDER PF Kenrich Williams
85%
DENVER NUGGETS C Nikola Jokić
85%
GOLDEN STATE WARRIORS SG Seth Curry
85%
CLEVELAND CAVALIERS SG Donovan Mitchell
84%
DETROIT PISTONS C Jalen Duren
84%
DENVER NUGGETS PG Jamal Murray
84%
LOS ANGELES LAKERS PG Luka Doncic
84%
OKLAHOMA CITY THUNDER SG Ajay Mitchell
83%
MIAMI HEAT PG Davion Mitchell
83%
NEW ORLEANS PELICANS PG Dejounte Murray
83%
CLEVELAND CAVALIERS PG James Harden
83%
SACRAMENTO KINGS PF Keegan Murray
83%
PORTLAND TRAIL BLAZERS SF Kris Murray
83%
MINNESOTA TIMBERWOLVES SG Anthony Edwards
82%
DETROIT PISTONS SF Ausar Thompson
82%
DALLAS MAVERICKS SF Cooper Flagg
82%
DALLAS MAVERICKS SF Klay Thompson
82%
ATLANTA HAWKS SG Nickeil Alexander-Walker
82%
HOUSTON ROCKETS PG Amen Thompson
81%
LOS ANGELES LAKERS SG Bronny James
81%
MILWAUKEE BUCKS PF Giannis Antetokounmpo
81%
NEW YORK KNICKS PG Jalen Brunson
81%
MEMPHIS GRIZZLIES PG Ja Morant
81%
LOS ANGELES CLIPPERS SF Kawhi Leonard
81%
NEW YORK KNICKS SF Mikal Bridges
81%
CHARLOTTE HORNETS PF Miles Bridges
81%
CHARLOTTE HORNETS SG Sion James
81%
DETROIT PISTONS PG Cade Cunningham
80%
UTAH JAZZ C Jaren Jackson Jr.
80%
CLEVELAND CAVALIERS C Jarrett Allen
80%
PHILADELPHIA SIXERS SF Justin Edwards
80%
NEW YORK KNICKS C Karl-Anthony Towns
80%
PHILADELPHIA SIXERS PG Tyrese Maxey
80%
LOS ANGELES LAKERS SG Austin Reaves
79%
PHILADELPHIA SIXERS C Joel Embiid
79%
HOUSTON ROCKETS SF Kevin Durant
79%
BROOKLYN NETS SF Michael Porter Jr.
79%
BOSTON CELTICS PG Payton Pritchard
79%
MINNESOTA TIMBERWOLVES C Rudy Gobert
79%
SAN ANTONIO SPURS C Victor Wembanyama
79%
NEW ORLEANS PELICANS PF Zion Williamson
79%
CLEVELAND CAVALIERS PG Craig Porter Jr.
78%
PHOENIX SUNS SG Devin Booker
78%
PHOENIX SUNS SG Grayson Allen
78%
MILWAUKEE BUCKS PG Kevin Porter Jr.
78%
WASHINGTON WIZARDS PG Trae Young
78%
MIAMI HEAT C Bam Adebayo
77%
OKLAHOMA CITY THUNDER PF Chet Holmgren
77%
NEW YORK KNICKS SF Josh Hart
77%
CHARLOTTE HORNETS SF Kon Knueppel
77%
WASHINGTON WIZARDS PF Anthony Davis
76%
SAN ANTONIO SPURS PG De'Aaron Fox
76%
LOS ANGELES LAKERS C Deandre Ayton
76%
CLEVELAND CAVALIERS PF Evan Mobley
76%
HOUSTON ROCKETS PF Jabari Smith Jr.
76%
MIAMI HEAT PG Jahmir Young
76%
HOUSTON ROCKETS C Alperen Sengun
75%
MILWAUKEE BUCKS SG Andre Jackson Jr.
75%
CHARLOTTE HORNETS SF Brandon Miller
75%
LOS ANGELES CLIPPERS PG Darius Garland
75%
HOUSTON ROCKETS PF Dorian Finney-Smith
75%
MIAMI HEAT SG Dru Smith
75%
ATLANTA HAWKS SG Dyson Daniels
75%
MEMPHIS GRIZZLIES PF GG Jackson II
75%
LOS ANGELES CLIPPERS C Isaiah Jackson
75%
CHICAGO BULLS C Jalen Smith
75%
LOS ANGELES CLIPPERS SF Jordan Miller
75%
CHICAGO BULLS PG Josh Giddey
75%
CHICAGO BULLS SF Leonard Miller
75%
BROOKLYN NETS SG Malachi Smith
75%
BOSTON CELTICS C Neemias Queta
75%
LOS ANGELES LAKERS SG Nick Smith Jr.
75%
INDIANA PACERS PG Quenton Jackson
75%
DETROIT PISTONS PF Tolu Smith
75%
TORONTO RAPTORS C Trayce Jackson-Davis
75%
INDIANA PACERS PG Tyrese Haliburton
75%
UTAH JAZZ PG Keyonte George
74%
ORLANDO MAGIC PF Paolo Banchero
74%
PHILADELPHIA SIXERS PF Paul George
74%
TORONTO RAPTORS PF Scottie Barnes
74%
ATLANTA HAWKS PG CJ McCollum
73%
SAN ANTONIO SPURS PF Harrison Barnes
73%
WASHINGTON WIZARDS SF Kyshawn George
73%
GOLDEN STATE WARRIORS SG Brandin Podziemski
72%
ORLANDO MAGIC SG Desmond Bane
72%
SAN ANTONIO SPURS PG Stephon Castle
72%
MIAMI HEAT SG Tyler Herro
72%
DENVER NUGGETS PF Aaron Gordon
71%
LOS ANGELES CLIPPERS SF Derrick Jones Jr.
71%
NEW ORLEANS PELICANS SF Herbert Jones
71%
MINNESOTA TIMBERWOLVES PF Julius Randle
71%
INDIANA PACERS SG Kam Jones
71%
GOLDEN STATE WARRIORS C Kristaps Porziņǵis
71%
INDIANA PACERS PF Pascal Siakam
71%
DENVER NUGGETS SF Spencer Jones
71%
CHICAGO BULLS PG Tre Jones
71%
DENVER NUGGETS PG Tyus Jones
71%
TORONTO RAPTORS SF Brandon Ingram
70%
GOLDEN STATE WARRIORS SF Jimmy Butler
70%
OKLAHOMA CITY THUNDER SF Luguentz Dort
70%
INDIANA PACERS PG Andrew Nembhard
69%
SACRAMENTO KINGS PF DeMar DeRozan
69%
PHOENIX SUNS SF Dillon Brooks
69%
DETROIT PISTONS SF Duncan Robinson
69%
OKLAHOMA CITY THUNDER C Isaiah Hartenstein
69%
DALLAS MAVERICKS SG Kyrie Irving
69%
NEW YORK KNICKS C Mitchell Robinson
69%
BOSTON CELTICS C Nikola Vučević
69%
NEW YORK KNICKS PF OG Anunoby
69%
ATLANTA HAWKS C Onyeka Okongwu
69%
DALLAS MAVERICKS PG Ryan Nembhard
69%
DENVER NUGGETS SG Christian Braun
68%
PORTLAND TRAIL BLAZERS SF Deni Avdija
68%
SACRAMENTO KINGS C Domantas Sabonis
68%
ORLANDO MAGIC SF Franz Wagner
68%
ORLANDO MAGIC C Moritz Wagner
68%
LOS ANGELES LAKERS PF Rui Hachimura
68%
SACRAMENTO KINGS SF Russell Westbrook
68%
PHILADELPHIA SIXERS SG VJ Edgecombe
68%
SACRAMENTO KINGS SG Zach Lavine
68%
MINNESOTA TIMBERWOLVES PF Jaden McDaniels
67%
PORTLAND TRAIL BLAZERS PG Jrue Holiday
67%
HOUSTON ROCKETS PG Aaron Holiday
66%
PORTLAND TRAIL BLAZERS PG Damian Lillard
66%
SAN ANTONIO SPURS SG Dylan Harper
66%
INDIANA PACERS C Ivica Zubac
66%
MILWAUKEE BUCKS C Myles Turner
66%
GOLDEN STATE WARRIORS COACH Steve Kerr
66%
ORLANDO MAGIC PG Anthony Black
65%
ATLANTA HAWKS PF Jonathan Kuminga
65%
BROOKLYN NETS C Nic Claxton
65%
BOSTON CELTICS SF Ron Harper Jr.
65%
ORLANDO MAGIC C Wendell Carter Jr.
64%
MIAMI HEAT SF Andrew Wiggins
63%
LOS ANGELES CLIPPERS C Brook Lopez
63%
SACRAMENTO KINGS PG Devin Carter
63%
ORLANDO MAGIC PG Jalen Suggs
63%
ORLANDO MAGIC PG Jevon Carter
63%
CHARLOTTE HORNETS C Moussa Diabaté
63%
MINNESOTA TIMBERWOLVES C Naz Reid
63%
OKLAHOMA CITY THUNDER SG Aaron Wiggins
62%
GOLDEN STATE WARRIORS C Al Horford
62%
DALLAS MAVERICKS C Daniel Gafford
62%
BROOKLYN NETS SG Drake Powell
62%
DALLAS MAVERICKS C Dwight Powell
62%
PHILADELPHIA SIXERS PF Jabari Walker
62%
INDIANA PACERS PF Jarace Walker
62%
LOS ANGELES LAKERS SG Marcus Smart
62%
MINNESOTA TIMBERWOLVES PG Mike Conley
62%
MIAMI HEAT SG Norman Powell
62%
MINNESOTA TIMBERWOLVES SG Donte DiVincenzo
61%
UTAH JAZZ PF Lauri Markkanen
61%
LOS ANGELES LAKERS SG Luke Kennard
61%
HOUSTON ROCKETS PG Fred VanVleet
60%
LOS ANGELES LAKERS C Jaxson Hayes
60%
LOS ANGELES LAKERS COACH JJ Redick
60%
SACRAMENTO KINGS PG Killian Hayes
60%
BOSTON CELTICS PF Sam Hauser
60%
INDIANA PACERS SG Ben Sheppard
59%
OKLAHOMA CITY THUNDER SG Cason Wallace
59%
DALLAS MAVERICKS C Dereck Lively II
59%
MILWAUKEE BUCKS SG Gary Harris
59%
HOUSTON ROCKETS SG Reed Sheppard
59%
DETROIT PISTONS PF Tobias Harris
59%
ATLANTA HAWKS PG Keaton Wallace
58%
TORONTO RAPTORS SF RJ Barrett
58%
WASHINGTON WIZARDS C Alex Sarr
57%
TORONTO RAPTORS PG Immanuel Quickley
57%
BOSTON CELTICS COACH Joe Mazzulla
57%
NEW ORLEANS PELICANS PG Jordan Poole
57%
MILWAUKEE BUCKS PG Ryan Rollins
57%
INDIANA PACERS SF Aaron Nesmith
56%
SAN ANTONIO SPURS SG Devin Vassell
56%
PORTLAND TRAIL BLAZERS C Donovan Clingan
56%
TORONTO RAPTORS C Jakob Poeltl
56%
CLEVELAND CAVALIERS SF Max Strus
56%
DALLAS MAVERICKS PF P.J. Washington
56%
OKLAHOMA CITY THUNDER SG Alex Caruso
55%
BROOKLYN NETS C Day'Ron Sharpe
54%
CLEVELAND CAVALIERS PF Dean Wade
54%
PHILADELPHIA SIXERS SF Kelly Oubre Jr.
54%
PORTLAND TRAIL BLAZERS SG Shaedon Sharpe
54%
ATLANTA HAWKS SF Zaccharie Risacher
54%
MILWAUKEE BUCKS COACH Doc Rivers
53%
BOSTON CELTICS PF Jordan Walsh
53%
NEW ORLEANS PELICANS SF Trey Murphy III
53%
PHILADELPHIA SIXERS C Andre Drummond
52%
LOS ANGELES CLIPPERS SF Bennedict Mathurin
52%
NEW ORLEANS PELICANS C Derik Queen
52%
GOLDEN STATE WARRIORS PF Gui Santos
52%
HOUSTON ROCKETS C Clint Capela
51%
BROOKLYN NETS PG Egor Dëmin
51%
INDIANA PACERS C Jay Huff
51%
DALLAS MAVERICKS SF Khris Middleton
51%
SAN ANTONIO SPURS C Luke Kornet
51%
GOLDEN STATE WARRIORS SG Moses Moody
51%
MILWAUKEE BUCKS SF Thanasis Antetokounmpo
51%
MEMPHIS GRIZZLIES C Zach Edey
51%
OKLAHOMA CITY THUNDER SG Jared McCain
50%
NEW ORLEANS PELICANS PG Jeremiah Fears
50%
MIAMI HEAT C Kel'el Ware
50%
MILWAUKEE BUCKS PF Kyle Kuzma
50%
CHICAGO BULLS PF Matas Buzelis
50%
UTAH JAZZ C Walker Kessler
50%
UTAH JAZZ SF Ace Bailey
49%
CHICAGO BULLS SG Anfernee Simons
49%
MEMPHIS GRIZZLIES PF Brandon Clarke
49%
TORONTO RAPTORS SG Gradey Dick
49%
MINNESOTA TIMBERWOLVES SG Jaylen Clark
49%
DENVER NUGGETS C Jonas Valančiūnas
49%
LOS ANGELES CLIPPERS PG Kris Dunn
49%
DENVER NUGGETS SF Peyton Watson
49%
PHOENIX SUNS SF Ryan Dunn
49%
PORTLAND TRAIL BLAZERS PG Scoot Henderson
49%
HOUSTON ROCKETS C Steven Adams
49%
MILWAUKEE BUCKS PF Bobby Portis
48%
BOSTON CELTICS SF Hugo Gonzalez
48%
DALLAS MAVERICKS COACH Jason Kidd
48%
ATLANTA HAWKS SG Buddy Hield
46%
MIAMI HEAT SF Jaime Jaquez Jr.
46%
BOSTON CELTICS C Luka Garza
46%
DALLAS MAVERICKS SG Max Christie
46%
GOLDEN STATE WARRIORS PF Quinten Post
46%
HOUSTON ROCKETS PF Tari Eason
46%
LOS ANGELES CLIPPERS SG Cam Christie
45%
DETROIT PISTONS C Isaiah Stewart
45%
PORTLAND TRAIL BLAZERS PF Jerami Grant
45%
LOS ANGELES CLIPPERS PF John Collins
45%
CHICAGO BULLS C Zach Collins
45%
BOSTON CELTICS SG Baylor Scheierman
44%
SACRAMENTO KINGS COACH Doug Christie
44%
LOS ANGELES LAKERS PF Jake LaRavia
44%
NEW YORK KNICKS SG Miles McBride
44%
DENVER NUGGETS SG Tim Hardaway Jr.
44%
PORTLAND TRAIL BLAZERS PF Toumani Camara
44%
LOS ANGELES CLIPPERS COACH Tyronn Lue
44%
GOLDEN STATE WARRIORS SG Will Richard
44%
MEMPHIS GRIZZLIES SG Cam Spencer
43%
PHOENIX SUNS PG Collin Gillespie
43%
CLEVELAND CAVALIERS PG Dennis Schröder
43%
LOS ANGELES LAKERS PF Jarred Vanderbilt
43%
NEW YORK KNICKS SG Jordan Clarkson
43%
GOLDEN STATE WARRIORS PG Pat Spencer
43%
CHARLOTTE HORNETS C Ryan Kalkbrenner
43%
BROOKLYN NETS SG Terance Mann
43%
CHARLOTTE HORNETS PG Tre Mann
43%
WASHINGTON WIZARDS PF Anthony Gill
42%
OKLAHOMA CITY THUNDER SG Isaiah Joe
42%
NEW YORK KNICKS PG Jose Alvarado
42%
PHILADELPHIA SIXERS PG Kyle Lowry
42%
DALLAS MAVERICKS SF Naji Marshall
42%
MINNESOTA TIMBERWOLVES SG Ayo Dosunmu
41%
SAN ANTONIO SPURS PF Carter Bryant
41%
MIAMI HEAT COACH Erik Spoelstra
41%
ATLANTA HAWKS PG Gabe Vincent
41%
UTAH JAZZ PF Kevin Love
41%
OKLAHOMA CITY THUNDER PG Nikola Topić
41%
CLEVELAND CAVALIERS C Thomas Bryant
41%
PHILADELPHIA SIXERS C Adem Bona
40%
LOS ANGELES CLIPPERS SG Bradley Beal
40%
BROOKLYN NETS PF Danny Wolf
40%
SACRAMENTO KINGS SF De'Andre Hunter
40%
NEW ORLEANS PELICANS C DeAndre Jordan
40%
CHICAGO BULLS PG Rob Dillingham
40%
INDIANA PACERS PG T.J. McConnell
40%
LOS ANGELES LAKERS SF Dalton Knecht
39%
GOLDEN STATE WARRIORS SG Gary Payton II
39%
SAN ANTONIO SPURS SF Julian Champagnie
39%
WASHINGTON WIZARDS SF Justin Champagnie
39%
DETROIT PISTONS C Paul Reed
39%
WASHINGTON WIZARDS SG Bilal Coulibaly
38%
MEMPHIS GRIZZLIES SG Cedric Coward
38%
CHICAGO BULLS SG Collin Sexton
38%
GOLDEN STATE WARRIORS PG De'Anthony Melton
38%
CLEVELAND CAVALIERS SG Keon Ellis
38%
DETROIT PISTONS SG Kevin Huerter
38%
SACRAMENTO KINGS C Maxime Raynaud
38%
INDIANA PACERS PF Obi Toppin
38%
PHILADELPHIA SIXERS SG Quentin Grimes
38%
NEW ORLEANS PELICANS SF Saddiq Bey
38%
ATLANTA HAWKS SF Corey Kispert
37%
HOUSTON ROCKETS COACH Ime Udoka
37%
CLEVELAND CAVALIERS SG Jaylon Tyson
37%
UTAH JAZZ C Jusuf Nurkić
37%
MEMPHIS GRIZZLIES SG Kentavious Caldwell-Pope
37%
PHILADELPHIA SIXERS COACH Nick Nurse
37%
CHICAGO BULLS C Nick Richards
37%
MIAMI HEAT PF Nikola Jović
37%
BROOKLYN NETS PF Noah Clowney
37%
MEMPHIS GRIZZLIES PG Scotty Pippen Jr.
37%
SACRAMENTO KINGS SG Malik Monk
36%
MEMPHIS GRIZZLIES SG Jaylen Wells
35%
DETROIT PISTONS COACH J.B. Bickerstaff
35%
NEW YORK KNICKS PF Jeremy Sochan
35%
SAN ANTONIO SPURS C Kelly Olynyk
35%
BROOKLYN NETS PG Nolan Traoré
35%
MEMPHIS GRIZZLIES PF Santi Aldama
35%
ORLANDO MAGIC SF Tristan Da Silva
35%
WASHINGTON WIZARDS PG D'Angelo Russell
34%
ORLANDO MAGIC C Goga Bitadze
34%
CHICAGO BULLS SG Isaac Okoro
34%
NEW ORLEANS PELICANS C Kevon Looney
34%
ATLANTA HAWKS COACH Quin Snyder
34%
PHOENIX SUNS SF Royce O'Neale
34%
NEW YORK KNICKS PG Tyler Kolek
34%
NEW ORLEANS PELICANS C Yves Missi
34%
MILWAUKEE BUCKS SG Gary Trent Jr.
33%
LOS ANGELES CLIPPERS PF Nicolas Batum
33%
CLEVELAND CAVALIERS SG Sam Merrill
33%
LOS ANGELES CLIPPERS SG Bogdan Bogdanovic
32%
NEW YORK KNICKS SG Landry Shamet
32%
LOS ANGELES LAKERS PF Maxi Kleber
32%
SACRAMENTO KINGS C Precious Achiuwa
32%
MINNESOTA TIMBERWOLVES PG Bones Hyland
31%
DETROIT PISTONS PG Daniss Jenkins
31%
CHICAGO BULLS C Guerschon Yabusele
31%
TORONTO RAPTORS PG Jamal Shead
31%
MINNESOTA TIMBERWOLVES SF Kyle Anderson
31%
MEMPHIS GRIZZLIES SG Ty Jerome
31%
WASHINGTON WIZARDS PG Bub Carrington
30%
DETROIT PISTONS SG Caris LeVert
30%
DETROIT PISTONS SF Ron Holland
30%
PHILADELPHIA SIXERS PF Dominick Barlow
29%
MINNESOTA TIMBERWOLVES SF Joe Ingles
29%
ORLANDO MAGIC PF Jonathan Isaac
29%
HOUSTON ROCKETS SG Josh Okogie
29%
DENVER NUGGETS SG Julian Strawther
29%
UTAH JAZZ C Kyle Filipowski
29%
OKLAHOMA CITY THUNDER COACH Mark Daigneault
29%
INDIANA PACERS COACH Rick Carlisle
29%
CHICAGO BULLS COACH Billy Donovan
28%
DALLAS MAVERICKS SF Caleb Martin
28%
CHARLOTTE HORNETS COACH Charles Lee
28%
MINNESOTA TIMBERWOLVES COACH Chris Finch
28%
WASHINGTON WIZARDS SG Jaden Hardy
28%
ORLANDO MAGIC SF Jett Howard
28%
ATLANTA HAWKS C Jock Landale
28%
PHOENIX SUNS C Khaman Maluach
28%
SAN ANTONIO SPURS C Mason Plumlee
28%
UTAH JAZZ COACH Will Hardy
28%
BROOKLYN NETS SG Ben Saraf
27%
MILWAUKEE BUCKS C Jericho Sims
27%
CLEVELAND CAVALIERS COACH Kenny Atkinson
27%
DALLAS MAVERICKS PF Marvin Bagley III
27%
MILWAUKEE BUCKS C Ousmane Dieng
27%
MIAMI HEAT SG Pelle Larsson
27%
PORTLAND TRAIL BLAZERS C Yang Hansen
27%
DENVER NUGGETS COACH David Adelman
26%
UTAH JAZZ PG Isaiah Collier
26%
ORLANDO MAGIC SG Jase Richardson
26%
TORONTO RAPTORS PF Collin Murray-Boyles
25%
CLEVELAND CAVALIERS PF Larry Nance Jr.
25%
DETROIT PISTONS PG Marcus Sasser
25%
NEW YORK KNICKS SF Mohamed Diawara
25%
CHARLOTTE HORNETS SG Pat Connaughton
25%
MILWAUKEE BUCKS PF Pete Nance
25%
MILWAUKEE BUCKS SF Taurean Prince
25%
DENVER NUGGETS PF Zeke Nnaji
25%
SAN ANTONIO SPURS C Bismack Biyombo
24%
HOUSTON ROCKETS SF Jae'Sean Tate
24%
INDIANA PACERS SG Johnny Furphy
24%
PHOENIX SUNS PG Jordan Goodwin
24%
CHICAGO BULLS PF Mouhamadou Gueye
24%
ATLANTA HAWKS PF Mouhamed Gueye
24%
MINNESOTA TIMBERWOLVES SG Terrence Shannon Jr.
24%
OKLAHOMA CITY THUNDER C Thomas Sorber
24%
CHARLOTTE HORNETS PF Tidjane Salaün
24%
TORONTO RAPTORS C Sandro Mamukelashvili
23%
MEMPHIS GRIZZLIES PG Walter Clayton
23%
CHARLOTTE HORNETS C Xavier Tillman Sr.
23%
LOS ANGELES LAKERS SF Adou Thiero
22%
TORONTO RAPTORS SG Ja'Kobe Walter
22%
SAN ANTONIO SPURS PG Jordan McLaughlin
22%
BROOKLYN NETS COACH Jordi Fernandez
22%
SACRAMENTO KINGS SG Nique Clifford
22%
PHOENIX SUNS PF Oso Ighodaro
22%
MIAMI HEAT SF Simone Fontecchio
22%
UTAH JAZZ SF Brice Sensabaugh
21%
PHOENIX SUNS SF Haywood Highsmith
21%
BROOKLYN NETS PF Jalen Wilson
21%
ORLANDO MAGIC COACH Jamahl Mosley
21%
CHARLOTTE HORNETS SF Liam McNeeley
21%
INDIANA PACERS C Micah Potter
21%
PORTLAND TRAIL BLAZERS COACH Tiago Splitter
21%
PORTLAND TRAIL BLAZERS PG Vit Krejčí
21%
DENVER NUGGETS PF DaRon Holmes
20%
CHICAGO BULLS PF Noa Essengue
20%
CLEVELAND CAVALIERS PG Tyrese Proctor
20%
LOS ANGELES CLIPPERS C Yanic Konan Niederhauser
20%
MINNESOTA TIMBERWOLVES PF Joan Beringer
19%
BROOKLYN NETS SG Ochai Agbaji
19%
NEW YORK KNICKS SG Pacome Dadiet
19%
SACRAMENTO KINGS C Drew Eubanks
18%
DENVER NUGGETS SG Jalen Pickett
18%
UTAH JAZZ SG John Konchar
18%
PHOENIX SUNS COACH Jordan Ott
18%
BROOKLYN NETS SF Josh Minott
18%
MIAMI HEAT PG Kasparas Jakucionis
18%
PORTLAND TRAIL BLAZERS SG Matisse Thybulle
18%
MEMPHIS GRIZZLIES PF Taylor Hendricks
18%
PHILADELPHIA SIXERS PF Trendon Watford
18%
NEW YORK KNICKS C Ariel Hukporti
17%
TORONTO RAPTORS COACH Darko Rajakovic
17%
TORONTO RAPTORS SG Garrett Temple
17%
SAN ANTONIO SPURS SG Lindy Waters III
17%
ORLANDO MAGIC SF Noah Penda
17%
WASHINGTON WIZARDS SF Will Riley
17%
ATLANTA HAWKS PF Asa Newell
16%
TORONTO RAPTORS SF Jamison Battle
16%
NEW ORLEANS PELICANS SG Jordan Hawkins
16%
MINNESOTA TIMBERWOLVES SF Julian Phillips
16%
BOSTON CELTICS SG Max Shulga
16%
PHOENIX SUNS PF Rasheer Fleming
16%
MEMPHIS GRIZZLIES C Taj Gibson
16%
PHOENIX SUNS SG Amir Coffey
15%
PORTLAND TRAIL BLAZERS SG Blake Wesley
15%
WASHINGTON WIZARDS SF Cam Whitmore
15%
GOLDEN STATE WARRIORS C Charles Bassey
15%
SACRAMENTO KINGS C Dylan Cardwell
15%
NEW ORLEANS PELICANS PF Karlo Matković
15%
LOS ANGELES CLIPPERS SG Kobe Sanders
15%
CLEVELAND CAVALIERS PF Nae'Qwan Tomlin
15%
MEMPHIS GRIZZLIES PF Olivier-Maxence Prosper
15%
PORTLAND TRAIL BLAZERS SF Sidy Cissoko
15%
UTAH JAZZ SF Svi Mykhailiuk
15%
ATLANTA HAWKS C Tony Bradley
15%
PHILADELPHIA SIXERS C Johni Broome
14%
TORONTO RAPTORS PF Jonathan Mogbo
14%
WASHINGTON WIZARDS C Tristan Vukcevic
14%
WASHINGTON WIZARDS COACH Brian Keefe
13%
PHILADELPHIA SIXERS SG Dalen Terry
13%
DETROIT PISTONS SG Chaz Lanier
12%
BOSTON CELTICS PG Dalano Banton
12%
SACRAMENTO KINGS SF Doug McDermott
12%
ORLANDO MAGIC SF Jamal Cain
12%
HOUSTON ROCKETS PG JD Davison
12%
MEMPHIS GRIZZLIES COACH Tuomas Iisalo
11%
NEW ORLEANS PELICANS SG Bryce McGowens
10%
NEW ORLEANS PELICANS COACH James Borrego
10%
NEW ORLEANS PELICANS SG Micah Peavy
10%
TORONTO RAPTORS SG A.J. Lawson
9%
PHOENIX SUNS PG Jamaree Bouyea
9%
WASHINGTON WIZARDS SG Jamir Watkins
9%
MIAMI HEAT SF Myron Gardner
8%
UTAH JAZZ SG Bez Mbeng
7%
UTAH JAZZ PG Hayden Gray
5%
No matching quizzes found
Score Distribution
Percent of People with Each Score
Percentile by Number Answered
Your Score History
You have not taken this quiz since the last reset